Foods that Start with E - Statistics

General Stats
  • This quiz has been taken 53,949 times
    17,395 since last reset
  • The average score is 7 of 11
Answer Stats
Picture Hint Answer % Correct
American name Eggplant
98%
Éclair
84%
Escargot
79%
Espresso
76%
McDonald's product Egg McMuffin
74%
Edamame
70%
{Elder}berry
64%
{Elbow} Macaroni
58%
Eggs Benedict
55%
Empanada
37%
Eel
34%
No matching quizzes found
Score Distribution
Percent of People with Each Score
Percentile by Number Answered
Your Score History
You have not taken this quiz since the last reset